000
00286nam a2200133Ia 4500
100
_a
Theroux/F.R./ Smith/L.A.
942
_c
BK
654
_a
Plane Surveying
245
_a
Plane Surveying
260
_b
Pitman Pub.
_a
New York
_c
1953
300
_a
407
546
_a
ENGLISH
999
_c
22945
_d
22945